| 000 | 00447nam a2200157 i 4500 | ||
|---|---|---|---|
| 001 | 20833 | ||
| 003 | ES-MaACL | ||
| 005 | 20230906152354.0 | ||
| 007 | t| | ||
| 008 | 021119s1967 sp ||||1| spa d | ||
| 100 | 1 |
_aAláiz, Atilano. _919089 |
|
| 245 | 1 | 0 |
_aNuestro trabajo de cada día _b: fé y actividad humana / _cAtiliano Aláiz. |
| 260 |
_aMadrid : _bCoculsa, _c[1967] |
||
| 300 |
_a160 p. ; _c22 cm. |
||
| 852 |
_aES-MaACL _jC-33456 _bR.64454 |
||
| 999 |
_c20833 _d20833 |
||